[Event "VEN-ch (Women)"]
[Site "Caracas"]
[Date "2024.02.24"]
[Round "3"]
[White "Alvarado Arcila, Marvia Josefina"]
[Black "Rovira Contreras, Tairu Manuela"]
[Result "1/2-1/2"]
[WhiteElo "1931"]
[BlackElo "1998"]
[PlyCount "64"]
[EventDate "2024.02.23"]
[EventType "tourn"]
[EventRounds "9"]
[EventCountry "VEN"]
[SourceTitle "CB11_2024"]
[SourceDate "2024.03.13"]
[SourceVersion "1"]
[SourceVersionDate "2024.03.13"]
[SourceQuality "1"]

1. d4 d5 2. c4 e6 3. Nc3 Nf6 4. e3 a6 5. a4 Bb4 6. Bd3 0-0 7. Nge2 c5 8. 0-0 b6 9. Qc2 Bb7 10. f3 Nc6 11. cxd5 exd5 12. Bf5 Ne7 13. Bh3 Bc8 14. Bxc8 Rxc8 15. Bd2 Re8 16. Be1 Qd7 17. g4 Nc6 18. Bf2 Ba5 19. Ng3 Nb4 20. Qd2 h5 21. g5 Nh7 22. e4 cxd4 23. Bxd4 dxe4 24. Ngxe4 Rcd8 25. Rad1 Qf5 26. Qg2 b5 27. axb5 axb5 28. Kh1 Bc7 29. Ne2 h4 30. Ng1 Nf8 31. Qh3 Qxh3 32. Nxh3 Nd5 1/2-1/2

[Event "VEN-ch (Women)"]
[Site "Caracas"]
[Date "2024.02.23"]
[Round "1"]
[White "Alvarado Arcila, Marvia Josefina"]
[Black "Perez Hernandez, Vicmary C"]
[Result "0-1"]
[WhiteElo "1931"]
[BlackElo "1808"]
[PlyCount "85"]
[EventDate "2024.02.23"]
[EventType "tourn"]
[EventRounds "9"]
[EventCountry "VEN"]
[SourceTitle "CB11_2024"]
[SourceDate "2024.03.13"]
[SourceVersion "1"]
[SourceVersionDate "2024.03.13"]
[SourceQuality "1"]

1. d4 Nf6 2. c4 g6 3. Nc3 Bg7 4. e4 d6 5. f4 0-0 6. Nf3 c5 7. d5 e6 8. Be2 exd5 9. cxd5 Bg4 10. 0-0 Nbd7 11. Nd2 Bxe2 12. Qxe2 Re8 13. Qd3 c4 14. Qf3 Rc8 15. e5 dxe5 16. Nde4 Nxe4 17. Nxe4 f5 18. Nc3 e4 19. Qe2 Nc5 20. Be3 Nd3 21. Rab1 a6 22. a4 Qa5 23. Qc2 Qb4 24. Rfd1 Red8 25. g4 Rd7 26. gxf5 gxf5 27. Qg2 Rd6 28. Kh1 Rg6 29. Qh3 Bxc3 30. bxc3 Qxc3 31. Rf1 Rc7 32. d6 Rf7 33. Qh5 Qf6 34. Rb6 Rd7 35. Qe2 Qg7 36. Qa2 Qf7 37. Rg1 c3 38. Rxg6+ hxg6 39. Qc2 Qc4 40. Rb3 Ne1 41. Qf2 Qxb3 42. Qxe1 Rxd6 43. Bc1 0-1

[Event "Online Olym Div3 D"]
[Site "Chess.com INT"]
[Date "2020.08.07"]
[Round "3.3"]
[White "Miller, Rachel"]
[Black "Alvarado Arcila, Marvia Josefina"]
[Result "1-0"]
[WhiteElo "2004"]
[BlackElo "1967"]
[PlyCount "99"]
[EventDate "2020.08.07"]
[EventType "team-tourn (rapid)"]
[EventRounds "9"]
[EventCountry "USA"]
[SourceTitle "CBM 198"]
[Source "ChessBase"]
[SourceDate "2020.10.31"]
[SourceVersion "1"]
[SourceVersionDate "2020.10.31"]
[SourceQuality "1"]
[WhiteTeam "Jamaica"]
[BlackTeam "Venezuela"]
[WhiteTeamCountry "JAM"]
[BlackTeamCountry "VEN"]

1. e4 g6 2. d4 Bg7 3. Nc3 d6 4. Be3 Nf6 5. Nf3 c6 6. Qd2 0-0 7. Bd3 Re8 8. h3 b5 9. 0-0 a6 10. Ne2 Nbd7 11. Ng3 Qc7 12. a4 Bb7 13. c3 bxa4 14. Rxa4 c5 15. d5 e6 16. c4 exd5 17. exd5 Rab8 18. b3 Nb6 19. Ra2 Bc8 20. Qd1 Nfd7 21. Ne4 f5 22. Neg5 Ne5 23. Be2 Qb7 24. Nxe5 Bxe5 25. Qd2 Nd7 26. Bd1 Qb4 27. Qc1 Nf8 28. Bd2 Qb7 29. Re1 h6 30. Nf3 g5 31. Bc3 Qg7 32. Bxe5 dxe5 33. Rae2 e4 34. Nh2 Ng6 35. Bc2 Bd7 36. Qa3 Nf4 37. Re3 h5 38. Qxc5 g4 39. hxg4 hxg4 40. Qd6 Nd3 41. Bxd3 exd3 42. Rxe8+ Rxe8 43. Rxe8+ Bxe8 44. Qe6+ Bf7 45. Qxf5 d2 46. Qb1 Qd4 47. Qd1 Qc3 48. Nf1 Bh5 49. Qxd2 Qxb3 50. Qg5+ 1-0

[Event "VEN-ch (Women)"]
[Site "Guatire"]
[Date "2020.01.25"]
[Round "1"]
[White "Perez Hernandez, Vicmary C"]
[Black "Alvarado Arcila, Marvia Josefina"]
[Result "1-0"]
[WhiteElo "1825"]
[BlackElo "1999"]
[PlyCount "55"]
[EventDate "2020.01.25"]
[EventType "tourn"]
[EventRounds "9"]
[EventCountry "VEN"]
[SourceTitle "CBM 194 Extra"]
[Source "ChessBase"]
[SourceDate "2020.03.31"]
[SourceVersion "1"]
[SourceVersionDate "2020.03.31"]
[SourceQuality "1"]

1. e4 g6 2. d4 Bg7 3. f4 d6 4. Nc3 Nf6 5. Be2 0-0 6. Bf3 c6 7. a4 e5 8. Nge2 a5 9. 0-0 Qb6 10. Be3 Ng4 11. Bxg4 Bxg4 12. Qd2 Qb4 13. dxe5 dxe5 14. f5 gxf5 15. exf5 f6 16. Ng3 h5 17. h3 h4 18. Nge4 Bh5 19. Bc5 Qc4 20. Bxf8 Kxf8 21. Qd8+ Be8 22. Nd6 Qd4+ 23. Kh1 Nd7 24. Qxa8 Qxd6 25. Rad1 Qc7 26. Ne4 Ke7 27. Nd6 Bh5 28. Qg8 1-0

[Event "VEN-ch (Women)"]
[Site "Bolivariana"]
[Date "2019.04.18"]
[Round "9"]
[White "Alvarado Arcila, Marvia Josefina"]
[Black "Guadalajara Barrios, Jacksilany"]
[Result "1/2-1/2"]
[WhiteElo "1986"]
[BlackElo "1546"]
[PlyCount "52"]
[EventDate "2019.04.13"]
[EventType "tourn"]
[EventRounds "10"]
[EventCountry "VEN"]
[SourceTitle "CBM 190 Extra"]
[Source "ChessBase"]
[SourceDate "2019.07.15"]
[SourceVersion "1"]
[SourceVersionDate "2019.07.15"]
[SourceQuality "1"]

1. d4 d5 2. c4 c6 3. Nf3 Nf6 4. e3 e6 5. Nc3 Bd6 6. Bd3 dxc4 7. Bxc4 b5 8. Bd3 Nbd7 9. 0-0 0-0 10. e4 e5 11. d5 cxd5 12. exd5 b4 13. Ne4 Nxe4 14. Bxe4 f5 15. Bc2 Qc7 16. h3 Bb7 17. Ng5 Qa5 18. Bb3 Nc5 19. Bc4 f4 20. Qh5 h6 21. Ne6 Rf6 22. Rd1 Kh7 23. b3 Qb6 24. Bb2 Ne4 25. Qe2 Kh8 26. Qxe4 Rxe6 1/2-1/2

[Event "VEN-ch (Women)"]
[Site "Bolivariana"]
[Date "2019.04.14"]
[Round "2"]
[White "Alvarado Arcila, Marvia Josefina"]
[Black "Rivas Lugo, Omary Milena"]
[Result "1-0"]
[WhiteElo "1986"]
[BlackElo "1760"]
[PlyCount "34"]
[EventDate "2019.04.13"]
[EventType "tourn"]
[EventRounds "10"]
[EventCountry "VEN"]
[SourceTitle "CBM 190 Extra"]
[Source "ChessBase"]
[SourceDate "2019.07.15"]
[SourceVersion "1"]
[SourceVersionDate "2019.07.15"]
[SourceQuality "1"]

1. c4 e5 2. Nc3 Nf6 3. e4 Nc6 4. d3 d6 5. g3 Be7 6. Bg2 Bg4 7. f3 Be6 8. Be3 Nd7 9. Nge2 Nc5 10. a3 a5 11. 0-0 0-0 12. b3 Bf6 13. Rb1 Qd7 14. b4 axb4 15. axb4 Na6 16. b5 Nc5 17. bxc6 Qxc6 1-0

[Event "VEN-ch (Women)"]
[Site "Bolivariana"]
[Date "2019.04.13"]
[Round "1"]
[White "Pena Gonzalez, Clara Isabel"]
[Black "Alvarado Arcila, Marvia Josefina"]
[Result "0-1"]
[WhiteElo "1751"]
[BlackElo "1986"]
[PlyCount "104"]
[EventDate "2019.04.13"]
[EventType "tourn"]
[EventRounds "10"]
[EventCountry "VEN"]
[SourceTitle "CBM 190 Extra"]
[Source "ChessBase"]
[SourceDate "2019.07.15"]
[SourceVersion "1"]
[SourceVersionDate "2019.07.15"]
[SourceQuality "1"]

1. e4 Nf6 2. Nc3 d5 3. e5 Nfd7 4. e6 fxe6 5. d4 g6 6. Nf3 Bg7 7. Be3 c5 8. Qd2 cxd4 9. Nxd4 Bxd4 10. Qxd4 Nf6 11. 0-0-0 Nc6 12. Qd2 Bd7 13. Be2 Qa5 14. h4 0-0-0 15. f4 Be8 16. Bd4 Rg8 17. Rhe1 Kb8 18. Bf3 Bf7 19. Qf2 Ka8 20. g4 h5 21. g5 Ne8 22. Be2 Nd6 23. Nb5 Nf5 24. Bf3 Rc8 25. Bc3 Qd8 26. Be2 a6 27. Nd4 Qd6 28. Nxc6 Rxc6 29. Be5 Qc5 30. Qxc5 Rxc5 31. Rh1 Rgc8 32. Rd2 Be8 33. b3 Bb5 34. Bd1 a5 35. a4 Ba6 36. Kb2 Ng3 37. Re1 Nf5 38. Bd4 R5c6 39. Bf2 d4 40. Bf3 Rd6 41. Be4 Rc5 42. Bxf5 Rxf5 43. Re5 Rxf4 44. Rxa5 Rg4 45. Re5 Kb8 46. b4 Bf1 47. Re1 Bg2 48. Rd3 Kc8 49. c3 dxc3+ 50. Kxc3 Rc6+ 51. Kb3 Bd5+ 52. Ka3 Rc2 0-1

[Event "Olympiad Women-43"]
[Site "Batumi"]
[Date "2018.10.02"]
[Round "8.4"]
[White "Tomic, Jelena"]
[Black "Alvarado Arcila, Marvia Josefina"]
[Result "0-1"]
[WhiteElo "1921"]
[BlackElo "1956"]
[PlyCount "80"]
[EventDate "2018.09.24"]
[EventType "team-swiss"]
[EventRounds "11"]
[EventCountry "GEO"]
[SourceTitle "EXT 2020"]
[Source "ChessBase"]
[SourceDate "2019.10.17"]
[SourceVersion "1"]
[SourceVersionDate "2019.10.17"]
[SourceQuality "1"]
[WhiteTeam "Bosnia&Herzegovina (W)"]
[BlackTeam "Venezuela (W)"]
[WhiteTeamCountry "BIH"]
[BlackTeamCountry "VEN"]

1. e4 e6 2. d4 d5 3. e5 c5 4. c3 Nc6 5. Nf3 Bd7 6. Be2 f6 7. 0-0 Qc7 8. Re1 fxe5 9. Nxe5 Nxe5 10. dxe5 0-0-0 11. c4 d4 12. Bd3 Nh6 13. Bg5 Re8 14. Na3 Nf7 15. Bf4 a6 16. Qd2 Be7 17. Nc2 g5 18. Bg3 Reg8 19. b4 h5 20. h3 h4 21. Bh2 g4 22. hxg4 Rxg4 23. bxc5 Bc6 24. Bf1 Ng5 25. Qd3 Nf3+ 26. Kh1 Nxe1 27. Nxe1 h3 28. Kg1 hxg2 29. Bxg2 Qxe5 30. Bg3 Bxg2 31. Kxg2 Qh5 32. Kf1 Qh1+ 33. Ke2 Re4+ 34. Kd2 Bg5+ 35. f4 Bxf4+ 36. Bxf4 Rxf4 37. Qg6 Qh3 38. Qd3 Rf2+ 39. Kc1 Qxd3 40. Nxd3 Rh1+ 0-1

[Event "Olympiad Women-43"]
[Site "Batumi"]
[Date "2018.10.01"]
[Round "7.53"]
[White "Sitoe, Sheila"]
[Black "Alvarado Arcila, Marvia Josefina"]
[Result "0-1"]
[WhiteElo "1425"]
[BlackElo "1956"]
[PlyCount "111"]
[EventDate "2018.09.24"]
[EventType "team-swiss"]
[EventRounds "11"]
[EventCountry "GEO"]
[SourceTitle "EXT 2020"]
[Source "ChessBase"]
[SourceDate "2019.10.17"]
[SourceVersion "1"]
[SourceVersionDate "2019.10.17"]
[SourceQuality "1"]
[WhiteTeam "Mozambique (W)"]
[BlackTeam "Venezuela (W)"]
[WhiteTeamCountry "MOZ"]
[BlackTeamCountry "VEN"]

1. e4 g6 2. Nf3 Bg7 3. Bc4 d6 4. d3 Nf6 5. 0-0 0-0 6. Re1 Nbd7 7. Nc3 c6 8. Qd2 b5 9. Bb3 Qc7 10. Qg5 a6 11. a3 e5 12. Qh4 Bb7 13. Bg5 h5 14. h3 Nh7 15. Qg3 Nc5 16. Ba2 Bc8 17. b4 Ne6 18. Bd2 Qe7 19. Re2 Nf4 20. Ree1 Be6 21. Ne2 Nxe2+ 22. Rxe2 Bxa2 23. Rxa2 Rfe8 24. Be3 a5 25. c3 axb4 26. cxb4 Ra6 27. Rec2 Rea8 28. Rc3 Qe6 29. Ra1 Nf8 30. Ng5 Qd7 31. Nf3 Ra4 32. Ra2 Rxb4 33. Bd2 Rba4 34. Bc1 b4 35. Rc4 d5 36. exd5 cxd5 37. Rc5 Ne6 38. Nxe5 Qd6 39. Rb5 Bxe5 40. Qf3 Nd4 41. Qxd5 Qxd5 42. Rxd5 Bg7 43. Bb2 Ne2+ 44. Kf1 Nc3 45. Bxc3 Bxc3 46. Rb5 Rxa3 47. Rc2 Ra1+ 48. Ke2 Re1+ 49. Kf3 Rd8 50. Rxc3 bxc3 51. Rc5 Rxd3+ 52. Kf4 Re2 53. Kg5 Kg7 54. g4 f6+ 55. Kh4 g5+ 56. Kxh5 0-1

[Event "Olympiad Women-43"]
[Site "Batumi"]
[Date "2018.09.26"]
[Round "3.21"]
[White "Galas, Bernadette"]
[Black "Alvarado Arcila, Marvia Josefina"]
[Result "1-0"]
[WhiteElo "2080"]
[BlackElo "1956"]
[PlyCount "157"]
[EventDate "2018.09.24"]
[EventType "team-swiss"]
[EventRounds "11"]
[EventCountry "GEO"]
[SourceTitle "EXT 2020"]
[Source "ChessBase"]
[SourceDate "2019.10.17"]
[SourceVersion "1"]
[SourceVersionDate "2019.10.17"]
[SourceQuality "1"]
[WhiteTeam "Philippines (W)"]
[BlackTeam "Venezuela (W)"]
[WhiteTeamCountry "PHI"]
[BlackTeamCountry "VEN"]

1. e4 Nf6 2. e5 Nd5 3. c4 Nb6 4. d4 d6 5. exd6 exd6 6. Bd3 Nc6 7. Ne2 g6 8. Nbc3 Bg7 9. Be3 0-0 10. b3 Re8 11. 0-0 Bg4 12. Qd2 d5 13. c5 Nc8 14. Rac1 N8e7 15. Rfe1 Qd7 16. a3 Bf5 17. Bb5 a6 18. Ba4 Be6 19. Bh6 Bh8 20. b4 Nf5 21. Bf4 Qe7 22. Ng3 Qd7 23. Nxf5 Bxf5 24. Be5 Bxe5 25. dxe5 Rad8 26. Rcd1 Be6 27. Qf4 Qe7 28. h4 h5 29. Rd3 Kh7 30. Bb3 d4 31. Ne4 Bxb3 32. Nf6+ Kg7 33. Nxe8+ Rxe8 34. Rxb3 Qe6 35. Qf6+ Kg8 36. Qxe6 Rxe6 37. Kf1 Kf8 38. b5 axb5 39. Rxb5 Nd8 40. Rd1 Rxe5 41. Rxd4 Ne6 42. Rc4 b6 43. cxb6 Rxb5 44. bxc7 Nxc7 45. Rxc7 Rb3 46. Ra7 Rb2 47. a4 Ra2 48. a5 Ke8 49. g3 Kf8 50. Kg2 Ra3 51. Kf1 Ra2 52. Ra8+ Ke7 53. a6 Kd7 54. a7 Ke7 55. Ke1 Kf6 56. Kd1 Ke7 57. Kc1 Kf6 58. Kb1 Ra6 59. Kb2 Ke7 60. Kc3 Ra4 61. Kb3 Ra1 62. f3 Ra6 63. g4 Ra1 64. Kc4 Ra5 65. g5 Ra1 66. f4 Ra4+ 67. Kb3 Ra6 68. f5 gxf5 69. g6 fxg6 70. Rg8 Rxa7 71. Rg7+ Kf6 72. Rxa7 f4 73. Kc3 Kf5 74. Kd3 Kg4 75. Rg7 Kxh4 76. Rxg6 Kh3 77. Ke4 h4 78. Kf3 Kh2 79. Rh6 1-0

[Event "Pan American-ch U18 Girls"]
[Site "Santiago de Chile"]
[Date "2018.07.23"]
[Round "3"]
[White "Alvarado Arcila, Marvia Josefina"]
[Black "Malan, Lucia"]
[Result "1/2-1/2"]
[WhiteElo "1961"]
[BlackElo "1753"]
[PlyCount "54"]
[EventDate "2018.07.22"]
[EventType "swiss"]
[EventRounds "9"]
[EventCountry "CHI"]
[SourceTitle "EXT 2022"]
[Source "ChessBase"]
[SourceDate "2021.10.06"]
[SourceVersion "1"]
[SourceVersionDate "2021.10.06"]
[SourceQuality "1"]

1. d4 Nf6 2. c4 g6 3. Nc3 Bg7 4. e4 d6 5. f4 0-0 6. Nf3 Nbd7 7. e5 Ne8 8. Be3 b6 9. Bd3 c5 10. dxc5 Nxc5 11. Bxc5 bxc5 12. Be4 Rb8 13. Qe2 Bg4 14. Rd1 Qa5 15. h3 Bxf3 16. Bxf3 dxe5 17. fxe5 Qc7 18. Nd5 Qxe5 19. Qxe5 Bxe5 20. Nxe7+ Kg7 21. b3 Bg3+ 22. Ke2 Nc7 23. Nc6 Rb6 24. Ke3 Ne6 25. Rd2 a6 26. Rhd1 Rc8 27. Ne7 Rc7 1/2-1/2

[Event "Valencia Amazonas"]
[Site "Valencia"]
[Date "2018.06.30"]
[Round "1.1"]
[White "Rodriguez, Orlando Alexis"]
[Black "Alvarado Arcila, Marvia Josefina"]
[Result "1-0"]
[WhiteElo "2020"]
[BlackElo "2035"]
[PlyCount "81"]
[EventDate "2018.06.30"]
[EventType "schev"]
[EventRounds "6"]
[EventCountry "VEN"]
[SourceTitle "EXT 2019"]
[Source "ChessBase"]
[SourceDate "2018.10.10"]
[SourceVersion "1"]
[SourceVersionDate "2018.10.10"]
[SourceQuality "1"]
[WhiteTeam "Venezuela Inv"]
[BlackTeam "Venezuela Olympic (Women)"]
[WhiteTeamCountry "VEN"]
[BlackTeamCountry "VEN"]

1. d4 d5 2. c4 c6 3. Nf3 Nf6 4. cxd5 cxd5 5. Nc3 Nc6 6. Bf4 e6 7. e3 Bd6 8. Bg5 0-0 9. Bd3 h6 10. Bh4 a6 11. 0-0 b5 12. Rc1 Bb7 13. e4 dxe4 14. Nxe4 Be7 15. Nc5 Na5 16. Bxf6 Bxf6 17. b4 Bxf3 18. Qxf3 Nc4 19. Bxc4 bxc4 20. Rxc4 Rc8 21. Rfc1 Qd5 22. Qb3 a5 23. b5 Bxd4 24. Na6 Rxc4 25. Qxc4 Qxc4 26. Rxc4 Rd8 27. Rc6 Rd7 28. Kf1 Kf8 29. Nc5 Bxc5 30. Rxc5 Rd2 31. a4 Rb2 32. Rc8+ Ke7 33. Ra8 Rb1+ 34. Ke2 Rb2+ 35. Kd3 Rxf2 36. Kc3 Rxg2 37. b6 Rxh2 38. b7 Rh3+ 39. Kd2 Rb3 40. b8Q Rxb8 41. Rxb8 1-0

[Event "VEN-ch U20"]
[Site "Maracay"]
[Date "2018.05.31"]
[Round "5"]
[White "Alvarado Arcila, Marvia Josefina"]
[Black "Patino Garcia, Corals"]
[Result "0-1"]
[WhiteElo "2035"]
[BlackElo "2012"]
[PlyCount "20"]
[EventDate "2018.05.31"]
[EventType "swiss"]
[EventRounds "7"]
[EventCountry "VEN"]
[SourceTitle "EXT 2019"]
[Source "ChessBase"]
[SourceDate "2018.10.10"]
[SourceVersion "1"]
[SourceVersionDate "2018.10.10"]
[SourceQuality "1"]

1. c4 e6 2. Nc3 d5 3. cxd5 exd5 4. d4 c6 5. Bf4 Nf6 6. e3 Bf5 7. Nf3 Nfd7 8. h3 Qb6 9. Qc1 Ne5 10. a3 Ng6 0-1

[Event "VEN-ch U20"]
[Site "Maracay"]
[Date "2018.05.31"]
[Round "1"]
[White "Alvarado Arcila, Marvia Josefina"]
[Black "Singer Rojas, Richard Javier"]
[Result "1-0"]
[WhiteElo "2035"]
[BlackElo "1539"]
[PlyCount "57"]
[EventDate "2018.05.31"]
[EventType "swiss"]
[EventRounds "7"]
[EventCountry "VEN"]
[SourceTitle "EXT 2019"]
[Source "ChessBase"]
[SourceDate "2018.10.10"]
[SourceVersion "1"]
[SourceVersionDate "2018.10.10"]
[SourceQuality "1"]

1. d4 Nf6 2. Bg5 g6 3. c4 Bg7 4. Nc3 d6 5. e4 0-0 6. Qd2 Nbd7 7. f3 e5 8. d5 a5 9. g4 Nc5 10. 0-0-0 Ra6 11. h4 a4 12. h5 a3 13. b3 Rb6 14. Nb5 c6 15. dxc6 bxc6 16. Be3 Ncxe4 17. fxe4 Nxe4 18. Qg2 cxb5 19. hxg6 Nc5 20. Qh3 fxg6 21. Bxc5 Rc6 22. Be3 e4 23. Qxh7+ Kf7 24. Bd4 Rg8 25. Be2 Qg5+ 26. Kb1 Be6 27. Rf1+ Ke8 28. Bxg7 Rc7 29. Qh6 1-0

[Event "Centroamericano and Caribe U18 Girls"]
[Site "Merida"]
[Date "2018.05.03"]
[Round "9"]
[White "Alvarado Arcila, Marvia Josefina"]
[Black "Silva Villareal, Deinerys Natiusca"]
[Result "1-0"]
[WhiteElo "1979"]
[BlackElo "1283"]
[PlyCount "53"]
[EventDate "2018.04.28"]
[EventType "swiss"]
[EventRounds "9"]
[EventCountry "VEN"]
[SourceTitle "EXT 2021"]
[Source "ChessBase"]
[SourceDate "2020.10.23"]
[SourceVersion "1"]
[SourceVersionDate "2020.10.23"]
[SourceQuality "1"]

1. d4 d5 2. c4 dxc4 3. Nc3 e6 4. e3 Nf6 5. Bxc4 c6 6. Nf3 b5 7. Bd3 Qa5 8. 0-0 Bd6 9. e4 b4 10. Ne2 Qh5 11. e5 Ng4 12. Ng3 Nxf2 13. Kxf2 Qg4 14. h3 Qxg3+ 15. Kxg3 Be7 16. Ng5 Bxg5 17. Bxg5 g6 18. Qf3 Rf8 19. Bh6 Nd7 20. Bxf8 Nxf8 21. Qxf7+ Kd8 22. Qxf8+ Kc7 23. Rf7+ Bd7 24. Qxa8 c5 25. Qxa7+ Kc6 26. Qxd7+ Kb6 27. Qb5# 1-0

[Event "Centroamericano and Caribe U18 Girls"]
[Site "Merida"]
[Date "2018.04.30"]
[Round "5"]
[White "Viveros Torres, Erica Johana"]
[Black "Alvarado Arcila, Marvia Josefina"]
[Result "0-1"]
[WhiteElo "1870"]
[BlackElo "1979"]
[PlyCount "68"]
[EventDate "2018.04.28"]
[EventType "swiss"]
[EventRounds "9"]
[EventCountry "VEN"]
[SourceTitle "EXT 2021"]
[Source "ChessBase"]
[SourceDate "2020.10.23"]
[SourceVersion "1"]
[SourceVersionDate "2020.10.23"]
[SourceQuality "1"]

1. e4 g6 2. d4 Bg7 3. Nf3 d6 4. h3 Nf6 5. Nc3 c6 6. Be3 b5 7. Bd3 0-0 8. Qd2 Qc7 9. 0-0 Nbd7 10. Bh6 Bb7 11. Rfe1 b4 12. Bxg7 Kxg7 13. e5 bxc3 14. exf6+ Nxf6 15. Qxc3 Nd5 16. Qd2 f6 17. c4 Nb6 18. Qe3 Rae8 19. h4 e5 20. dxe5 dxe5 21. h5 c5 22. Nh4 e4 23. Bf1 Qe5 24. hxg6 hxg6 25. g3 g5 26. Ng2 Rh8 27. b3 Qf5 28. g4 Qh7 29. f4 Qh2+ 30. Kf2 Rh3 31. Qxc5 e3+ 32. Ke2 Bxg2 33. Qc7+ Kh8 34. Kd1 Bxf1 0-1

[Event "Centroamericano and Caribe U18 Girls"]
[Site "Merida"]
[Date "2018.04.28"]
[Round "1"]
[White "Alvarado Arcila, Marvia Josefina"]
[Black "Ramos Rincones, Jennifer Alexandra"]
[Result "1-0"]
[WhiteElo "1979"]
[BlackElo "1467"]
[PlyCount "51"]
[EventDate "2018.04.28"]
[EventType "swiss"]
[EventRounds "9"]
[EventCountry "VEN"]
[SourceTitle "EXT 2021"]
[Source "ChessBase"]
[SourceDate "2020.10.23"]
[SourceVersion "1"]
[SourceVersionDate "2020.10.23"]
[SourceQuality "1"]

1. d4 d5 2. c4 e6 3. Nc3 Nf6 4. cxd5 exd5 5. Bg5 Be7 6. Qc2 Nc6 7. e3 0-0 8. a3 a6 9. Bd3 g6 10. Nge2 Be6 11. Nf4 Ne4 12. Bxe7 Qxe7 13. Bxe4 dxe4 14. d5 Bxd5 15. Nfxd5 Qg5 16. Nxe4 Qxg2 17. Ndf6+ Kg7 18. 0-0-0 Rad8 19. Qc3 Rxd1+ 20. Rxd1 Kh6 21. Ng3 Qf3 22. h3 a5 23. Ng4+ Kg5 24. Qg7 h5 25. Qh6+ Kh4 26. Qxf8 1-0

[Event "VEN pre olympic2 (Women)"]
[Site "Caracas"]
[Date "2018.04.21"]
[Round "6"]
[White "Alvarado Arcila, Marvia Josefina"]
[Black "Hernandez Bonilla, Amelia"]
[Result "1-0"]
[WhiteElo "1979"]
[BlackElo "2045"]
[PlyCount "73"]
[EventDate "2018.04.18"]
[EventType "tourn"]
[EventRounds "10"]
[EventCountry "VEN"]
[SourceTitle "EXT 2019"]
[Source "ChessBase"]
[SourceDate "2018.10.10"]
[SourceVersion "1"]
[SourceVersionDate "2018.10.10"]
[SourceQuality "1"]

1. d4 Nf6 2. c4 e6 3. Nc3 Bb4 4. e3 b6 5. Bd3 Bb7 6. Nf3 Ne4 7. 0-0 Bxc3 8. bxc3 0-0 9. Nd2 Nxd2 10. Bxd2 f5 11. f3 d6 12. e4 f4 13. g3 fxg3 14. hxg3 Nd7 15. f4 e5 16. Qe2 Qe7 17. Rf2 Rae8 18. Re1 Nf6 19. Rh2 Qd7 20. fxe5 dxe5 21. Rh4 c5 22. d5 Bc8 23. Rf1 Ng4 24. Rf5 Rxf5 25. exf5 Nf6 26. g4 h6 27. g5 hxg5 28. Bxg5 Qf7 29. Qh2 Kf8 30. d6 Ng8 31. Qh3 e4 32. Bxe4 Qxc4 33. Qf3 Qxa2 34. f6 g6 35. Rh8 Be6 36. Bh6+ Kf7 37. Rh7# 1-0

[Event "VEN pre olympic2 (Women)"]
[Site "Caracas"]
[Date "2018.04.18"]
[Round "2"]
[White "Alvarado Arcila, Marvia Josefina"]
[Black "Sequeda Mendoza, Nancy Stella"]
[Result "1/2-1/2"]
[WhiteElo "1979"]
[BlackElo "1918"]
[PlyCount "61"]
[EventDate "2018.04.18"]
[EventType "tourn"]
[EventRounds "10"]
[EventCountry "VEN"]
[SourceTitle "EXT 2019"]
[Source "ChessBase"]
[SourceDate "2018.10.10"]
[SourceVersion "1"]
[SourceVersionDate "2018.10.10"]
[SourceQuality "1"]

1. c4 Nf6 2. Nc3 d5 3. cxd5 Nxd5 4. Qb3 Nb6 5. Nf3 g6 6. d4 Bg7 7. e4 0-0 8. Be3 c6 9. Rd1 N8d7 10. Be2 Nf6 11. 0-0 Be6 12. Qc2 Bc4 13. b3 Bxe2 14. Nxe2 Rc8 15. a4 Nbd7 16. h3 Re8 17. Nc3 Qc7 18. Rc1 Qa5 19. Nd2 Red8 20. f4 e6 21. Nc4 Qb4 22. Nb2 Qe7 23. Nd3 b5 24. e5 Nd5 25. Bd2 Nxc3 26. Bxc3 Bf8 27. Bb4 Qe8 28. Bc5 Nxc5 29. dxc5 Qd7 30. Rfd1 Qd4+ 31. Kf1 1/2-1/2

[Event "VEN pre olympic1 (Women)"]
[Site "Caracas"]
[Date "2018.04.07"]
[Round "7"]
[White "Otazo Sanchez, Annyd Gabriela"]
[Black "Alvarado Arcila, Marvia Josefina"]
[Result "1-0"]
[WhiteElo "1980"]
[BlackElo "2018"]
[PlyCount "63"]
[EventDate "2018.04.04"]
[EventType "tourn"]
[EventRounds "7"]
[EventCountry "VEN"]
[SourceTitle "EXT 2019"]
[Source "ChessBase"]
[SourceDate "2018.10.10"]
[SourceVersion "1"]
[SourceVersionDate "2018.10.10"]
[SourceQuality "1"]

1. e4 Nf6 2. e5 Nd5 3. Nc3 Nxc3 4. dxc3 d5 5. Bd3 c5 6. Nf3 Nc6 7. Bf4 Bg4 8. h3 Bh5 9. g4 Bg6 10. e6 fxe6 11. Bxg6+ hxg6 12. Qd3 Qb6 13. Qxg6+ Kd7 14. 0-0-0 Qa6 15. Rhe1 Nd8 16. Ne5+ Kc8 17. Qe8 Qd6 18. Ng6 Qd7 19. Qxd7+ Kxd7 20. Nxh8 g5 21. Bxg5 Bg7 22. Ng6 Nc6 23. Bf4 Rg8 24. Ne5+ Bxe5 25. Bxe5 Ke8 26. f4 Kf7 27. g5 Kg6 28. c4 dxc4 29. Rd7 b5 30. Rc7 Nb4 31. Rxe7 Nd5 32. Rxe6+ 1-0

[Event "VEN pre olympic1 (Women)"]
[Site "Caracas"]
[Date "2018.04.06"]
[Round "6"]
[White "Alvarado Arcila, Marvia Josefina"]
[Black "Sequeda Mendoza, Nancy Stella"]
[Result "0-1"]
[WhiteElo "2018"]
[BlackElo "1918"]
[PlyCount "48"]
[EventDate "2018.04.04"]
[EventType "tourn"]
[EventRounds "7"]
[EventCountry "VEN"]
[SourceTitle "EXT 2019"]
[Source "ChessBase"]
[SourceDate "2018.10.10"]
[SourceVersion "1"]
[SourceVersionDate "2018.10.10"]
[SourceQuality "1"]

1. c4 Nf6 2. Nf3 g6 3. Nc3 d5 4. cxd5 Nxd5 5. Qb3 Nb6 6. d4 Bg7 7. e4 0-0 8. Be3 c6 9. a4 Be6 10. d5 cxd5 11. exd5 Nxd5 12. Ng5 Nxe3 13. Nxe6 fxe6 14. Qxe6+ Kh8 15. fxe3 Nc6 16. Rd1 Qa5 17. Bb5 Rf6 18. Qe4 Raf8 19. Rd2 Rf5 20. Bxc6 bxc6 21. Qxc6 Rc5 22. Qe4 Rxc3 23. bxc3 Bxc3 24. Qd3 Rd8 0-1